000 01231nam a2200265Ia 4500
003 OSt
005 20220930094725.0
006 a|||||r|||| 00| 0
007 ta
008 220926b |||||||| |||| 00| 0 hin d
024 _a3523
037 _cTheses
040 _aCRL
_cCRL
_bhin
041 _2hin
_ahin
100 _aमिश्र, मुकेश कुमार
110 _aदिल्ली विश्वविद्यालय. संकाय कला. संस्कृत विभाग
_9556131
245 0 _aभोजपूर्व काव्यशास्त्रीय अवधारणाएॅं श्रृ›ारप्रकाश
246 _aBhojapūrva kāvyashāstrīya avadhāraṇāeॅan shrṛu›āraprakāsha
260 _c2010
650 _aसंस्कृत साहित्य
700 _a पन्त, गिरीश चन्द्र, गा.
700 _aदिल्ली विश्वविद्यालय. संकाय कला. संस्कृत विभाग
_9556132
942 _cDIS
_2CC
999 _c887563
_d887563